000 00603nam a2200181Ia 4500
005 20250508163457.0
008 008 250505s9999 xx 000 0 eng d
037 _aBooks to be hide in OPAC
040 _aFEDL
_beng
_cFEDL
041 _aeng
_2eng
084 _a370.954, IND/O
_qFEDL
245 0 _aEducation in India. Vol 1 (C) (Non-affiliated institutions) 1987-88
245 0 _cIndia, Government Of.... Ministry Of Human Resource Development
260 _aNew Delhi, India
_bGovernment of India
300 _avi,192p.
942 _cHB
_h370.954, IND/O
999 _c1383553
_d1383553